| 000 | 00635nam a22001817a 4500 | ||
|---|---|---|---|
| 003 | UA-OsUOA | ||
| 001 | 15697 | ||
| 007 | ta | ||
| 008 | 20031203b un ||||| |||| 00| 0 ukr d | ||
| 100 | _aФедчук П. | ||
| 942 | _cSA | ||
| 040 |
_aUA-OsUOA _cUA-OsUOA _dUA-OsUOA |
||
| 245 | _aЗв'язківці також рахують курчат восени : [Про Центр техн. експлуатації місцевого телефон. зв'язку у Рівному] | ||
| 300 | _aС.6 | ||
| 955 | _a0 | ||
| 773 | 0 |
_w0 _tВільне слово _dРівне _d2003 _g№92/лист./ |
|
| 650 | 7 |
_aЗв'язок _2UDC |
|
| 999 |
_c301862 _d301862 |
||